[Event "Mechanics' Winter TNM; G/2 d5"]
[Site "San Francisco"]
[Date "2019.02.12"]
[Round "6.9"]
[White "Clemens, Kristian"]
[Black "Harris, John"]
[Result "1-0"]
[WhiteElo "2002"]
[BlackElo "1854"]
[Annotator "Winslow,Elliott"]
[PlyCount "69"]
[EventDate "2019.01.08"]
[EventType "swiss"]
[EventRounds "8"]
[EventCountry "USA"]

1. Nf3 Nf6 2. d4 d5 3. c4 e6 4. Nc3 a6 5. Bg5 dxc4 6. a4 h6 $5 (6... Nc6 7. e3
Na5 {appears to be no advantage.}) 7. Bh4 (7. Bxf6 Qxf6 8. e4 g5 $5) 7... c5 8.
e3 Bd7 $6 (8... Nc6 9. Bxc4 cxd4 10. exd4 Be7 {is a typical position, recently
being given the microscope analysis.}) 9. Bxc4 cxd4 10. Nxd4 Nc6 11. O-O Rc8
12. Qe2 Qc7 13. Ba2 Bd6 14. Bg3 Bxg3 15. hxg3 O-O 16. Rfd1 Rfd8 17. Nf3 Nb4 18.
Bb3 Be8 19. Nd4 Nc6 20. Nxe6 Rxd1+ 21. Rxd1 Qb6 22. Nd5 Qxb3 23. Nxf6+ Kh8 24.
Nc5 Qb4 25. Nxe8 Rxe8 26. Qc2 Re5 27. Nd3 Qe4 28. Qb3 Rd5 29. Nf4 Rxd1+ 30.
Qxd1 Qb4 31. Qc2 Qa5 32. Kh2 Qd8 33. Qb3 Qd7 34. Qd5 Qe7 35. Nd3 1-0

[Event "Mechanics' Winter TNM; G/2 d5"]
[Site "San Francisco"]
[Date "2019.02.12"]
[Round "6.10"]
[White "Hakobyan, Sos"]
[Black "Askin, Michael"]
[Result "1/2-1/2"]
[WhiteElo "1829"]
[BlackElo "1993"]
[Annotator "Winslow,Elliott"]
[PlyCount "106"]
[EventDate "2019.01.08"]
[EventType "swiss"]
[EventRounds "8"]
[EventCountry "USA"]

1. e4 c6 2. d4 d5 3. Nd2 dxe4 4. Nxe4 Bf5 5. Ng3 Bg6 6. Nf3 Nd7 7. Bd3 e6 8.
O-O Ngf6 9. Re1 Be7 10. Ne5 Bxd3 11. Qxd3 O-O 12. Bg5 c5 13. Rad1 cxd4 14. Nxd7
Qxd7 15. Qxd4 Qxd4 16. Rxd4 Rfd8 17. Red1 h6 18. Rxd8+ Rxd8 19. Rxd8+ Bxd8 20.
Be3 b6 21. c4 Kf8 22. Kf1 Ke8 23. Ke2 Kd7 24. h3 Kc6 25. Kd3 Nd7 26. b4 b5 $1
$11 27. cxb5+ Kxb5 28. Kc3 (28. Bxa7) (28. Bd4) (28. Ne4) 28... Be7 (28... a5
29. bxa5 Bxa5+ $11) 29. Bxa7 Bxb4+ 30. Kd3 Ka4 31. Bd4 g6 32. Bb2 Kb5 33. Ne4
f5 34. Nf6 Nb6 35. Ng8 Bf8 36. Bd4 Nd5 37. g3 $6 Nb4+ 38. Ke3 Nxa2 39. Kf4 Nb4
$6 (39... Bd6+ 40. Kf3 h5 $17) 40. Ke5 $11 Nc6+ 41. Kxe6 Nxd4+ 42. Kf7 Bd6 43.
Kxg6 f4 44. gxf4 Bxf4 45. Nxh6 Kc5 46. Nf5 Ne6 47. Kf6 Ng5 48. h4 Ne4+ 49. Kg6
Nxf2 50. h5 Kd5 51. Nh4 Ke6 52. Nf3 Ng4 53. Ng5+ Ke7 1/2-1/2

[Event "Mechanics' Winter TNM; G/2 d5"]
[Site "San Francisco"]
[Date "2019.02.12"]
[Round "6.11"]
[White "Busch, Jonah"]
[Black "Melville, Cailen"]
[Result "1-0"]
[WhiteElo "1799"]
[BlackElo "1954"]
[Annotator "Winslow,Elliott"]
[PlyCount "47"]
[EventDate "2019.01.08"]
[EventType "swiss"]
[EventRounds "8"]
[EventCountry "USA"]

1. e4 e6 2. d4 d5 3. Nd2 dxe4 4. Nxe4 Nf6 5. Bd3 Qd5 6. Nxf6+ gxf6 7. Qf3 (7.
Nf3) 7... Qxd4 $6 (7... Qxf3 8. Nxf3 Bd7) 8. Ne2 Qb4+ $6 9. Bd2 (9. c3) 9...
Qe7 (9... Qxb2 10. O-O Nd7 11. Rab1 Qxa2 $2 12. Nc3 Qa5 13. Bb5 c6 14. Bxc6 Qf5
15. Qxf5 exf5 16. Rfe1+ $16 Kd8 17. Bd5 Bc5 18. Red1 Ke7 19. Bf4 Ne5 20. Ba2
Kf8 21. Bh6+ Ke8 22. Nd5) 10. Be4 (10. Ng3) (10. Nf4) (10. Bc3) 10... c6 (10...
Nd7 11. Bxb7 Bxb7 12. Qxb7 Qd8 13. Qc6 (13. O-O-O)) 11. Bc3 (11. Ng3) (11.
O-O-O $1) 11... Nd7 (11... e5 $1) 12. O-O-O Bh6+ (12... Bg7 13. Rhe1 f5 14.
Bxf5 $1) 13. Kb1 e5 14. Ng3 Nb8 $2 15. Nf5 (15. Bf5 $1) (15. Ba5) (15. Rd3)
15... Bxf5 16. Bxf5 a5 17. a4 (17. Rd3 $1) 17... Ra7 18. Rhe1 (18. Rd3 $1)
18... b5 19. axb5 cxb5 20. Bd4 exd4 21. Rxe7+ Rxe7 22. Rxd4 Re1+ 23. Ka2 O-O $2
24. Qh3 1-0

[Event "Mechanics' Winter TNM; G/2 d5"]
[Site "San Francisco"]
[Date "2019.02.12"]
[Round "6.12"]
[White "Lum, Michael K"]
[Black "Persidsky, Andre"]
[Result "0-1"]
[WhiteElo "1941"]
[BlackElo "1814"]
[Annotator "Winslow,Elliott"]
[PlyCount "84"]
[EventDate "2019.01.08"]
[EventType "swiss"]
[EventRounds "8"]
[EventCountry "USA"]

1. Nf3 d5 2. c4 e6 3. g3 Nf6 4. Bg2 Be7 5. O-O O-O 6. d4 Nbd7 7. Nc3 b6 8. cxd5
exd5 9. Bf4 c6 10. Qc2 Bb7 11. Qf5 Re8 12. Ne5 Nf8 13. Rad1 Ng6 14. Nxg6 hxg6
15. Qd3 Bd6 16. Bg5 Be7 17. Bf4 a5 18. Rc1 Qd7 19. Rfd1 Ba6 20. Qc2 Bd6 21.
Bxd6 Qxd6 22. e3 Rac8 23. Qb3 Rb8 24. Qa4 Bc8 25. Ne2 Bd7 26. Qc2 Rbc8 27. Nc3
Rb8 28. e4 dxe4 29. Nxe4 Nxe4 30. Bxe4 Rbc8 31. Bg2 Bf5 32. Qd2 Be4 33. d5 $2 (
33. a3) 33... Bxg2 $2 (33... Qxd5 $17) 34. Kxg2 c5 35. Qd3 (35. Re1 $11) 35...
Rcd8 $15 36. Qb5 $6 (36. Rc3) 36... Re5 37. Kg1 Re4 (37... Qf6) 38. Re1 $6 Rb4
39. Re8+ Kh7 40. Rxd8 Qxd8 41. Qc6 Rxb2 (41... Rd4) 42. Rc4 Rd2 0-1

[Event "Mechanics' Winter TNM; G/2 d5"]
[Site "San Francisco"]
[Date "2019.02.12"]
[Round "6.13"]
[White "Ansari, Jahaan"]
[Black "Maser, Thomas F"]
[Result "0-1"]
[WhiteElo "1390"]
[BlackElo "1907"]
[Annotator "Winslow,Elliott"]
[PlyCount "58"]
[EventDate "2019.01.08"]
[EventType "swiss"]
[EventRounds "8"]
[EventCountry "USA"]

1. d4 Nf6 2. Nf3 e6 3. Bg5 Be7 4. c4 O-O 5. Nc3 d5 6. e3 c6 7. Bd3 Nbd7 8. O-O
b6 9. Rc1 Bb7 10. cxd5 cxd5 11. Qb3 a6 12. a4 h6 13. Bh4 Rc8 14. Na2 Bd6 15.
Rxc8 Qxc8 16. Bxf6 gxf6 17. Nh4 f5 $14 18. Bxf5 $4 Qd8 19. g3 exf5 20. Nxf5 Qf6
21. g4 Kh8 22. Nc3 Rg8 23. h3 Qxf5 24. Kh1 Qf3+ 25. Kg1 Qxh3 26. f4 Rxg4+ 27.
Kf2 Rg2+ 28. Ke1 Qxe3+ 29. Kd1 Qd2# 0-1

[Event "Mechanics' Winter TNM; G/2 d5"]
[Site "San Francisco"]
[Date "2019.02.12"]
[Round "6.14"]
[White "Krasnov, Steven"]
[Black "Tamondong, Cesar B"]
[Result "0-1"]
[WhiteElo "1876"]
[BlackElo "1608"]
[Annotator "Winslow,Elliott"]
[PlyCount "98"]
[EventDate "2019.01.08"]
[EventType "swiss"]
[EventRounds "8"]
[EventCountry "USA"]

1. Nf3 Nf6 2. d4 g6 3. Bf4 d6 4. Nbd2 d5 5. e3 Bg7 6. h3 O-O 7. Be2 Nbd7 8. O-O
c5 9. c3 Nh5 10. Bh2 Nhf6 11. Qc2 Qb6 12. a4 a5 13. Rfb1 h6 14. Ra3 c4 15. b4
Qe6 16. e4 axb4 17. Rxb4 Nxe4 18. Nxe4 Qxe4 19. Qxe4 dxe4 20. Nd2 e5 21. dxe5
Nxe5 22. Bxe5 Bxe5 23. Nxc4 Bf6 24. Nb6 Ra7 25. Rxe4 Bf5 26. Re3 Rd8 27. g4 Be6
28. Rd3 Re8 29. Bf3 Rd8 30. c4 Rd4 31. Rxd4 Bxd4 32. Nd5 b6 33. Kf1 Ra5 34. Ke2
Rc5 35. Nxb6 $2 Re5+ 36. Kf1 Bxb6 37. Be2 Ra5 38. Bd3 Bd4 39. Ke2 Kf8 40. f4
Ke7 41. Kf3 Bd7 42. Be2 Kd6 43. Ke4 Kc5 44. Kd3 f5 45. Bd1 Be6 46. gxf5 Bxf5+
47. Kd2 Kxc4 48. Ra2 Kb4 49. h4 Bb1 0-1

[Event "Mechanics' Winter TNM; G/2 d5"]
[Site "San Francisco"]
[Date "2019.02.12"]
[Round "6.15"]
[White "Harris, Clarence"]
[Black "Marcus, Joel"]
[Result "0-1"]
[WhiteElo "1469"]
[BlackElo "1833"]
[PlyCount "42"]
[EventDate "2019.01.08"]
[EventType "swiss"]
[EventRounds "8"]
[EventCountry "USA"]

1. e4 d6 2. d3 Nf6 3. Nf3 e5 4. g3 Be7 5. Bg2 O-O 6. O-O Nbd7 7. Nbd2 b5 8. Re1
a5 9. Nf1 Nc5 10. Ne3 Bb7 11. Nf5 Rb8 12. Bg5 Ne6 13. Nxe7+ Qxe7 14. Bd2 b4 15.
Nh4 g6 16. Bh3 Nh5 17. Bh6 Nhg7 18. Qg4 f6 19. Re3 Rf7 20. Rf3 Nd4 21. Rxf6
Qxf6 0-1

[Event "Mechanics' Winter TNM; G/2 d5"]
[Site "San Francisco"]
[Date "2019.02.12"]
[Round "6.16"]
[White "Chambers, Don"]
[Black "Drane, Robert"]
[Result "0-1"]
[WhiteElo "1127"]
[BlackElo "1800"]
[PlyCount "72"]
[EventDate "2019.01.08"]
[EventType "swiss"]
[EventRounds "8"]
[EventCountry "USA"]

1. e4 Nf6 2. e5 Nd5 3. Bc4 Nb6 4. Bb3 c5 5. d3 Nc6 6. Nf3 g6 7. O-O Bg7 8. Bf4
d6 9. Re1 O-O 10. c3 Bg4 11. exd6 e5 12. h3 Bxf3 13. Qxf3 exf4 14. Qxf4 Qf6 15.
Qg3 Bh6 16. Na3 Rad8 17. Nb5 a6 18. Nc7 Qxd6 19. Qxd6 Rxd6 20. Re8 Rd7 21.
Rxf8+ Kxf8 22. Ne6+ fxe6 23. Bxe6 Rxd3 24. Re1 Rd2 25. Rb1 Rc2 26. g3 Rc1+ 27.
Rxc1 Bxc1 28. b3 Bb2 29. c4 Nd4 30. Bd5 Nxd5 31. cxd5 Ke7 32. f4 Kd6 33. Kg2 b5
34. g4 c4 35. Kf2 c3 36. Ke3 c2 0-1

[Event "Mechanics' Winter TNM; G/2 d5"]
[Site "San Francisco"]
[Date "2019.02.12"]
[Round "6.17"]
[White "Robeal, Rafik"]
[Black "Casares Jr, Nick"]
[Result "1-0"]
[WhiteElo "1716"]
[BlackElo "1600"]
[PlyCount "93"]
[EventDate "2019.01.08"]
[EventType "swiss"]
[EventRounds "8"]
[EventCountry "USA"]

1. d4 d5 2. Nf3 Nf6 3. g3 c6 4. Bg2 Bf5 5. O-O h6 6. Nbd2 e6 7. c4 Nbd7 8. cxd5
cxd5 9. Re1 Rc8 10. Qa4 a6 11. Ne5 Bc2 12. b3 Bd6 13. e4 O-O 14. exd5 Nb6 15.
Qa5 Nfxd5 16. Ba3 Bc7 17. Qc5 Bb8 18. Qxf8+ Qxf8 19. Bxf8 Kxf8 20. Nec4 Ba7 21.
Rac1 Nb4 22. Bf1 N6d5 23. a3 Nd3 24. Bxd3 Bxd3 25. Nf3 Rd8 26. Na5 Rb8 27. Ne5
Bb5 28. a4 Be8 29. Nf3 Bb6 30. Nc4 Bc7 31. Ne3 Bc6 32. Ne5 Bxe5 33. dxe5 Ne7
34. Red1 g5 35. Rd4 h5 36. h3 Ng6 37. Rc5 Ke7 38. Nc4 h4 39. Nb6 hxg3 40. fxg3
Rh8 41. Kh2 f5 42. exf6+ Kxf6 43. Nd7+ Ke7 44. Rxg5 Bxd7 45. Rxg6 Rxh3+ 46.
Kxh3 e5+ 47. Rdg4 1-0

[Event "Mechanics' Winter TNM; G/2 d5"]
[Site "San Francisco"]
[Date "2019.02.12"]
[Round "6.18"]
[White "Cendejas, Juan"]
[Black "Kim, Andy"]
[Result "1-0"]
[WhiteElo "1686"]
[BlackElo "1604"]
[Annotator "Winslow,Elliott"]
[PlyCount "65"]
[EventDate "2019.01.08"]
[EventType "swiss"]
[EventRounds "8"]
[EventCountry "USA"]

1. e4 c6 2. d4 d5 3. Nc3 dxe4 4. Nxe4 Bf5 5. Ng3 Bg6 6. Nf3 (6. h4 h6 7. Nf3
Nd7 8. h5 Bh7 9. Bd3 Bxd3 10. Qxd3 e6 11. Bd2 Ngf6 12. O-O-O Be7 {(White's
move, already castled...)}) 6... Nd7 7. Bd3 Ngf6 8. h4 e6 9. Bg5 Be7 10. h5
Bxd3 11. Qxd3 h6 12. Bd2 {(Black's move, White hasn't castled)} O-O 13. O-O-O
c5 14. Ne4 Rc8 15. Kb1 c4 16. Qe2 b5 17. Ne5 Nxe4 18. Qxe4 Nf6 19. Qe2 Nd5 20.
g4 c3 21. Bc1 cxb2 22. Bxb2 Ba3 23. Qf3 Bxb2 24. Kxb2 Rc3 $6 (24... Qd6 {
and double rooks}) 25. Rd3 b4 26. Rxc3 bxc3+ 27. Kc1 Qg5+ 28. Kb1 Rb8+ 29. Ka1
f6 $6 (29... Qe7) 30. Nd7 $2 Rb2 (30... Nb4 $1 31. Qxc3 Qd5) 31. Rb1 Nb4 $4 (
31... Rxb1+ 32. Kxb1 Qd2) 32. Qa8+ Kh7 33. Nf8+ 1-0

[Event "Mechanics' Winter TNM; G/2 d5"]
[Site "San Francisco"]
[Date "2019.02.12"]
[Round "6.19"]
[White "Cortinas, Martin A"]
[Black "Latourette, Nicholas"]
[Result "0-1"]
[WhiteElo "1666"]
[BlackElo "1347"]
[PlyCount "36"]
[EventDate "2019.01.08"]
[EventType "swiss"]
[EventRounds "8"]
[EventCountry "USA"]

1. e4 e5 2. Nf3 Nc6 3. Nc3 Nf6 4. d4 exd4 5. Nxd4 Qe7 6. Nf5 Qd8 7. Bd3 g6 8.
Ne3 Bg7 9. Bd2 O-O 10. O-O a6 11. a4 d6 12. Re1 Nh5 13. Ned5 Bd4 14. Be3 Bxe3
15. Rxe3 Ne5 16. Bf1 c6 17. Nb4 Be6 18. f3 Qb6 0-1

[Event "Mechanics' Winter TNM; G/2 d5"]
[Site "San Francisco"]
[Date "2019.02.12"]
[Round "6.21"]
[White "Rudyak, Felix"]
[Black "Francis, Daniel E"]
[Result "1-0"]
[WhiteElo "1892"]
[BlackElo "1607"]
[Annotator "Winslow,Elliott"]
[PlyCount "65"]
[EventDate "2019.01.08"]
[EventType "swiss"]
[EventRounds "8"]
[EventCountry "USA"]

1. d4 e6 2. c4 f5 3. Nc3 Bb4 4. Nf3 b6 5. g3 Bb7 6. Bg2 Nf6 7. O-O Bxc3 8. bxc3
O-O 9. a4 Ne4 10. Bb2 c5 11. d5 Qe8 12. a5 e5 13. axb6 a6 $2 14. Nd2 Nxd2 15.
Qxd2 d6 16. Ba3 Nd7 17. Rab1 Rf6 18. e4 f4 19. f3 Qd8 20. Rb3 Rb8 21. Rfb1 h5
22. Qf2 g5 23. Bh3 Kg7 24. Bf5 Qe7 25. h4 Rbf8 26. g4 {[#]} Rh6 27. hxg5 Qxg5
28. Bxd7 hxg4 29. Bxg4 Rfh8 30. Qg2 Rh4 31. Bh3 Qg3 32. Qxg3+ fxg3 33. Bg4 1-0

[Event "Mechanics' Winter TNM; G/2 d5"]
[Site "San Francisco"]
[Date "2019.02.12"]
[Round "6.22"]
[White "Agdamag, Samuel Za"]
[Black "Babayan, Gagik"]
[Result "0-1"]
[WhiteElo "1506"]
[BlackElo "1806"]
[Annotator "Winslow,Elliott"]
[PlyCount "160"]
[EventDate "2019.01.08"]
[EventType "swiss"]
[EventRounds "8"]
[EventCountry "USA"]

1. Nf3 e6 2. c4 f5 3. g3 Nf6 4. Bg2 c6 5. d3 d6 6. O-O Be7 7. Bg5 Nbd7 8. Nc3
d5 9. cxd5 Nxd5 10. Bxe7 Nxe7 11. d4 Nf6 12. e3 O-O 13. Qb3 Qb6 14. Qa3 Ned5
15. Na4 Qb4 16. Qxb4 Nxb4 17. a3 Nbd5 18. Nc5 b6 19. Nd3 Bb7 20. Ng5 Rfe8 21.
Rac1 h6 22. Nf3 Rac8 23. Nfe5 Red8 24. Rc2 Rd6 25. b4 Ba6 26. Rfc1 Bxd3 27.
Nxd3 Ne7 28. Ne5 Nfd5 29. Bxd5 exd5 30. Kf1 b5 31. Ke2 Kf8 32. Rc5 a6 33. Rf1
g5 34. Rh1 Kg7 35. h4 g4 36. Rhc1 Kf8 37. f3 h5 38. fxg4 hxg4 39. Nd3 Ra8 40.
Ne5 Rc8 41. Rf1 Kg7 42. Nd3 Ra8 43. Rfc1 Rc8 44. Ra1 Rb8 45. a4 Rdd8 46. axb5
axb5 47. Ra7 Kf8 48. Nf4 Ke8 49. Ne6 Rdc8 50. Rc1 Kf7 51. Ng5+ Kf6 52. Rca1 Re8
53. R1a6 Rbc8 54. Nh7+ Kg7 55. Ng5 Kf6 56. Rd7 Ra8 57. Raa7 Rxa7 58. Rxa7 {[#]}
f4 $1 59. gxf4 Nf5 $4 (59... Rh8 $11) 60. Rf7+ Kg6 61. Rc7 $4 (61. h5+ Kxh5 62.
Rxf5 $18) 61... Nxh4 $4 (61... Rxe3+ $19) 62. Rxc6+ $16 Kh5 $2 (62... Kg7) 63.
Nf7 $2 (63. Nh7 $18) 63... g3 $4 (63... Nf5 $11) 64. Rh6+ Kg4 65. Ne5+ Kh3 66.
Nf3 Ra8 67. Rxh4+ Kg2 68. Ne1+ (68. f5) 68... Kg1 69. Kf3 Ra1 70. Nd3 (70. Kxg3
) 70... g2 71. Ke2 Re1+ $5 72. Kf3 $8 Rf1+ 73. Kg3 Rd1 74. Ne5 (74. Nf2) 74...
Kf1 75. Nf3 Rd3 76. Nh2+ (76. Kh2) (76. Rh2) 76... Kg1 77. Nf3+ Kf1 78. Kh2 Kf2
79. Ng1 Rd1 80. Nh3+ Kf3 {0-1? What, on time? Did White think ...Rh1# was
unavoidable?} (80... Kf3 81. Ng1+ Kf2 82. f5 (82. Rh3 {Totally won for White.})
) 0-1

[Event "Mechanics' Winter TNM; G/2 d5"]
[Site "San Francisco"]
[Date "2019.02.12"]
[Round "6.23"]
[White "Lesquillier, Walter"]
[Black "Newey, Richard"]
[Result "1/2-1/2"]
[WhiteElo "1750"]
[BlackElo "1600"]
[PlyCount "72"]
[EventDate "2019.01.08"]
[EventType "swiss"]
[EventRounds "8"]
[EventCountry "USA"]

1. e4 c5 2. Nf3 d6 3. d4 cxd4 4. Nxd4 Nf6 5. Nc3 Nc6 6. Be2 e6 7. O-O a6 8. Be3
Be7 9. Qd2 O-O 10. f4 Qc7 11. Nb3 b5 12. a3 Bb7 13. Bf3 Rac8 14. Rfd1 Na5 15.
Nxa5 Qxa5 16. Nd5 Qd8 17. Nxe7+ Qxe7 18. Qd3 d5 19. e5 Ne4 20. c3 Rfd8 21. Bb6
Re8 22. Qe3 Nc5 23. Bxc5 Qxc5 24. Qxc5 Rxc5 25. Rd4 Rec8 26. a4 Bc6 27. Be2 g6
28. Ra3 a5 29. axb5 Bxb5 30. Kf2 Bxe2 31. Kxe2 Rb8 32. Ra2 Rcb5 33. Rd2 h5 34.
Kd1 Rc8 35. Rd4 Rbc5 36. Kd2 Rb8 1/2-1/2

[Event "Mechanics' Winter TNM; G/2 d5"]
[Site "San Francisco"]
[Date "2019.02.12"]
[Round "6.24"]
[White "Perlov, Alexander"]
[Black "Starr, Albert Mart"]
[Result "1-0"]
[WhiteElo "1720"]
[BlackElo "1500"]
[PlyCount "67"]
[EventDate "2019.01.08"]
[EventType "swiss"]
[EventRounds "8"]
[EventCountry "USA"]

1. d4 Nf6 2. c4 e6 3. g3 g6 4. Bg2 Bg7 5. Nf3 O-O 6. O-O c6 7. Nc3 d5 8. Nd2
Nbd7 9. e4 dxe4 10. Ndxe4 Nxe4 11. Nxe4 Nf6 12. Bg5 h6 13. Nxf6+ Bxf6 14. Bxh6
Re8 15. Be3 c5 16. dxc5 Bxb2 17. Rb1 Qf6 18. Qd2 Bc3 19. Qc2 Rb8 20. c6 Ba5 21.
cxb7 Bxb7 22. Rxb7 Rbc8 23. Rxa7 Bc3 24. c5 Bd4 25. Bxd4 Qxd4 26. Rc1 Red8 27.
Ra4 Qe5 28. c6 Rc7 29. Rd1 Rb8 30. Rad4 Kg7 31. Rd7 Rb2 32. Qe4 Qa5 33. Rxc7
Qxa2 34. Qf4 1-0

[Event "Mechanics' Winter TNM; G/2 d5"]
[Site "San Francisco"]
[Date "2019.02.12"]
[Round "6.25"]
[White "Carron, Joel"]
[Black "Quang, Danny"]
[Result "1/2-1/2"]
[WhiteElo "1491"]
[BlackElo "1719"]
[PlyCount "59"]
[EventDate "2019.01.08"]
[EventType "swiss"]
[EventRounds "8"]
[EventCountry "USA"]

1. e4 d5 2. exd5 Qxd5 3. Nc3 Qd8 4. d4 Nf6 5. Nf3 Bf5 6. Bc4 e6 7. O-O Be7 8.
h3 c6 9. Nh4 Bg6 10. Nxg6 hxg6 11. Bf4 Nbd7 12. a3 Nb6 13. Ba2 a5 14. Qd3 Nfd5
15. Bg3 Bd6 16. Ne4 Bxg3 17. Qxg3 O-O 18. Ng5 Qd7 19. Qh4 Nf6 20. Rfe1 Nbd5 21.
Bxd5 exd5 22. Re3 Rfe8 23. Rae1 Rxe3 24. Rxe3 Re8 25. c3 Rxe3 26. fxe3 Qe7 27.
Qf4 Nd7 28. Nf3 f6 29. Kf2 Nf8 30. Nd2 1/2-1/2

[Event "Mechanics' Winter TNM; G/2 d5"]
[Site "San Francisco"]
[Date "2019.02.12"]
[Round "6.26"]
[White "Mercado, Adam"]
[Black "Morgan, Jerry"]
[Result "1-0"]
[WhiteElo "1714"]
[BlackElo "1491"]
[Annotator "Winslow,Elliott"]
[PlyCount "41"]
[EventDate "2019.01.08"]
[EventType "swiss"]
[EventRounds "8"]
[EventCountry "USA"]

1. e4 Nf6 2. e5 Nd5 3. d4 d6 4. c4 Nb6 5. Nf3 dxe5 6. Nxe5 N8d7 7. Nf3 Nf6 8.
Nc3 Bg4 9. Be2 e6 10. h3 Bf5 11. Nh4 Be4 12. Bg5 Bc6 13. d5 $2 (13. Nf3) (13.
O-O) (13. a4) (13. Rc1) (13. Be3) 13... exd5 14. cxd5 $6 (14. O-O) 14... Bd7 $6
(14... Nbxd5 $15) 15. Ne4 $2 (15. Nf3) 15... Bb4+ 16. Kf1 Qe7 (16... Nbxd5 $17)
17. Nxf6+ $6 (17. Bf3) 17... gxf6 $15 18. Qd4 Qe5 $2 (18... Nxd5 $1 19. Qxd5
fxg5) 19. Qxb4 Qxd5 $4 (19... fxg5 $11) (19... a5 $11) 20. Bxf6 Rg8 21. Qe7#
1-0

[Event "Mechanics' Winter TNM; G/2 d5"]
[Site "San Francisco"]
[Date "2019.02.12"]
[Round "6.28"]
[White "Lamstein, Joshua D"]
[Black "Cunningham, Charles"]
[Result "1-0"]
[WhiteElo "1655"]
[BlackElo "1414"]
[Annotator "Winslow,Elliott"]
[PlyCount "73"]
[EventDate "2019.01.08"]
[EventType "swiss"]
[EventRounds "8"]
[EventCountry "USA"]

1. d4 d5 2. c4 dxc4 3. Nc3 c6 4. e4 b5 5. Nf3 Bg4 6. Be2 e6 7. Be3 Bb4 8. O-O
Nf6 9. Ne5 Bxe2 10. Qxe2 Bxc3 11. bxc3 Nxe4 12. Qg4 Nxc3 13. Qxg7 Rf8 14. Bh6
Qe7 15. Qxh7 Qh4 {[#]} 16. Nxf7 Rxf7 17. Qg8+ Ke7 18. Bg5+ Qxg5 19. Qxg5+ Kd7
20. Rfe1 Na6 21. Qe3 Raf8 22. Qxc3 Rxf2 23. Rf1 Rxf1+ 24. Rxf1 Re8 25. Rf7+ Re7
26. Qf3 Nb4 27. Rxe7+ Kxe7 28. Qa3 a5 29. Qxa5 Nxa2 30. Qxa2 Kd6 31. Qa3+ Kd5
32. Qc5+ Ke4 33. Kf2 Kd3 34. Ke1 c3 35. Kd1 c2+ 36. Qxc2+ Kxd4 37. h4 1-0

[Event "Mechanics' Winter TNM; G/2 d5"]
[Site "San Francisco"]
[Date "2019.02.12"]
[Round "6.29"]
[White "Abraham, Michael"]
[Black "Malykin, Erika"]
[Result "0-1"]
[WhiteElo "1609"]
[BlackElo "1628"]
[Annotator "Winslow,Elliott"]
[PlyCount "73"]
[EventDate "2019.01.08"]
[EventType "swiss"]
[EventRounds "8"]
[EventCountry "USA"]

1. d4 Nf6 2. c4 e5 3. dxe5 Ng4 4. Bf4 Bb4+ 5. Nd2 Qe7 6. Ngf3 Nc6 7. e3 Ngxe5
8. Be2 d6 9. O-O Bxd2 10. Qxd2 Be6 11. Rac1 Rd8 12. Qc3 f6 13. Nd4 O-O 14. Nxe6
Qxe6 15. b3 Ng6 16. Bg3 Nce5 17. f4 Ng4 18. e4 Qd7 19. Qf3 Nh6 20. f5 Ne5 21.
Qh5 Qe8 22. Qh3 Rd7 23. Bf4 Nef7 24. Bd3 Qd8 25. c5 Ng5 26. Bxg5 fxg5 27. Bc4+
Nf7 28. Be6 Re7 29. cxd6 Qxd6 30. Rfd1 Qf4 31. Rc4 h6 32. e5 $4 Qxe5 33. Rcd4
Kh7 34. Qd3 Qf6 35. Rd7 $4 Rxd7 36. Bxd7 Ne5 37. Qb5 0-1

[Event "Mechanics' Winter TNM; G/2 d5"]
[Site "San Francisco"]
[Date "2019.02.12"]
[Round "6.31"]
[White "Sadowsky, Jacob"]
[Black "Thibault, William"]
[Result "1-0"]
[WhiteElo "1703"]
[BlackElo "1052"]
[Annotator "Winslow,Elliott"]
[PlyCount "68"]
[EventDate "2019.01.08"]
[EventType "swiss"]
[EventRounds "8"]
[EventCountry "USA"]

1. e4 c6 2. d4 d5 3. Nc3 dxe4 4. Nxe4 Nd7 5. Nf3 Ngf6 6. Bd3 e6 7. O-O Be7 8.
c4 c5 9. Bf4 $5 cxd4 10. Nxd4 $4 (10. Nd6+ $1 Bxd6 (10... Kf8 11. Nb5 $18) 11.
Bxd6 Qb6 12. Ba3 $16) 10... e5 $19 11. Nf5 exf4 12. Nxg7+ (12. Ned6+ Bxd6 13.
Nxd6+ Kf8 $19) 12... Kf8 13. Nf5 Ne5 14. Nxe7 Qxe7 15. Nc3 Rg8 16. Kh1 Nfg4 17.
g3 Nxf2+ $6 (17... Nxh2 $1 18. Kxh2 Ng4+) 18. Rxf2 fxg3 19. Nd5 Qh4 20. Rg2 Bg4
21. Be2 Bf5 22. Qd2 a5 (22... Be4) 23. Nc3 Rd8 24. Qe3 Rd4 25. Qxe5 Be4 26.
Nxe4 Rxe4 27. Qb8+ Re8 28. Qd6+ Re7 29. Bf3 Rg6 30. Qd8+ Kg7 31. Qd3 Rge6 32.
Rxg3+ Kf8 33. Qd8+ Re8 34. Qxh4 Re1+ 1-0

[Event "Mechanics' Winter TNM; G/2 d5"]
[Site "San Francisco"]
[Date "2019.02.12"]
[Round "6.33"]
[White "Simpkins, Jerry"]
[Black "Otterbach, Renate"]
[Result "1-0"]
[WhiteElo "1508"]
[BlackElo "1281"]
[Annotator "Winslow,Elliott"]
[PlyCount "65"]
[EventDate "2019.01.08"]
[EventType "swiss"]
[EventRounds "8"]
[EventCountry "USA"]

{[%evp 0,65,19,31,34,19,13,6,25,21,-10,-14,13,4,22,22,22,42,52,-26,-26,-26,34,
-72,11,-167,-66,-93,97,93,93,111,118,109,127,129,171,136,281,290,285,285,227,
256,260,170,214,211,382,361,373,304,332,285,291,35,377,377,396,256,329,275,262,
197,254,234,555,577]} 1. e4 e5 2. Nf3 Nc6 3. Bc4 Nf6 4. Ng5 d5 5. exd5 Nd4 $5 (
5... Na5 6. Bb5+ c6 7. dxc6 bxc6) (5... Nxd5 $5 6. Nxf7 $5 Kxf7 7. Qf3+ Ke6 8.
Nc3 Ncb4) 6. c3 b5 $1 7. cxd4 (7. Bf1 Nxd5 8. Ne4 (8. cxd4 Qxg5 9. Bxb5+ Kd8)
8... Ne6 $5) 7... bxc4 8. dxe5 Nxd5 (8... Qxd5 $5) 9. Qf3 ({Relevant:} 9. Qa4+
Qd7 10. Qxc4 Nb4 11. O-O Ba6 12. Qe4 Qc6 13. Qxc6+ Nxc6 14. d3 h6 15. Nf3 Nb4
16. Nc3 Nc2 17. Rb1 Bxd3 18. Rd1 Nb4 19. Ra1 Bc2 20. Rd2 Bg6 21. Nb5 Rc8 22.
Nxa7 Rb8 23. a3 {1-0 38, Kovalev,V (2539)-Djuric,S (2402) Wroclaw 2014}) 9...
Qxg5 10. Qxd5 Rb8 11. f4 $146 (11. O-O) (11. Nc3 Bb7 (11... Be7 $5 12. d4 Qg6)
12. d4 $1) 11... Qg6 12. Rg1 Bb7 13. Qxc4 Ra8 14. Nc3 Qb6 15. d4 Be7 16. Qb5+
Bc6 17. Qxb6 cxb6 18. d5 Bb7 19. d6 Bd8 20. Be3 Kd7 21. O-O-O f6 22. Nb5 Rc8+
23. Kb1 Rc5 $4 24. Bxc5 bxc5 25. Na3 Be4+ 26. Kc1 fxe5 27. fxe5 Bb6 (27... Bg5+
) 28. Nc4 Bd8 29. Rdf1 Bg5+ 30. Nd2 Ke6 31. b3 Kxe5 32. Re1 Rd8 33. Rxe4+ 1-0